Statistiques concernant Ernest Hemingway : Romans

Cliquez ici pour prendre le quiz!

Statistiques générales

  • Ce quiz a été pris 33 fois
  • Le résultat moyen est 3 sur 9

Statistiques - réponses

Année Réponses % Correct
1952Le Vieil Homme Et La Mer
95%
1940Pour Qui Sonne Le Glas
85%
1929L'Adieu Aux Armes
55%
1937En Avoir Ou Pas
40%
1926Le Soleil Se Lève Aussi
30%
1986Le Jardin d'Eden
10%
1926The Torrents of Spring
5%
1950Au-delà Du Fleuve Et Sous Les Arbres
5%
1970Iles A La Dérive
5%

Distribution des résultats

Percentile par nombre de réponses

% des personnes avec chaque résultat

Votre développement - résultats

Vous n’avez pas pris ce quiz